000
00315nam a2200109Ia 4500
008
220204s9999 xx 000 0 und d
082
_a
004(031)
_b
GUP
100
_a
Gupta, Vikas
245
0
_a
Encyclopaedia of computer knowledge: Computer course kit. V.1-2
260
_a
New Delhi
_b
Dreamtech Press
_c
2006
942
_c
BK
999
_c
42482
_d
42482